000 00667nam a2200265Ia 4500
005 20260302115247.0
008 008 260114s9999 xx 000 0 eng d
020 _a9798400683589
037 _aTextbook
040 _aCRL
040 _beng
040 _cCRL
041 _2eng
041 _aeng
084 _qCRL
100 _aHelaine Smith
_91121150
245 0 _aMasterpieces of Classic Greek Drama
260 _bBloomsbury
260 _bGreenwood
260 _c2005
650 _aLiterary Studies
856 _uhttps://doi.org/10.5040/9798400683589?locatt=label:secondary_bloomsburyCollections
942 _cEBOOK
999 _c1685551
_d1685551